000 00870nam a2200277Ia 4500
003 OSt
005 20220924124225.0
006 a|||||r|||| 00| 0
007 ta
008 220923b |||||||| |||| 00| 0 san d
020 _a9789380829197 (hbk)
020 _c250
024 _a273979
037 _b137, 04/09/2013, Eastern Book Linkers
_cTextual
040 _aARTS
_cARTS
_bsan
041 _2san
_asan
082 _aO15,1D63,1:g, Q3
100 _aBhatt Dharmendrakumar Ed.
_9195227
245 0 _aSrijonarajakrta kiratarjuniyatika
260 _aNew Delhi
_b National Mission For Manuscripts India
_c2013
300 _axxxvii, 301p.
_ccm.
490 _aKrtibodha; 4
650 _aSANSKRIT LITERATURE
942 _hO15,1D63,1:g, Q3
_cTEXL
_2CC
999 _c418872
_d418872